000 00391nam a2200145Ia 4500
008 210716s9999 xx 000 0 und d
041 _aeng
082 _a005.3001 ANDD
100 _aAndersen, Dick;Cooper, Cynthia;Mcbeen, Janet.
245 _aWordstar tips and traps.
250 _a1
260 _aNew Delhi
_bBPB Publications
300 _axv,239
650 _aMicrosoft Windows(005.269)
999 _c181846
_d181846